Statystyki dla Napoje sprzedające się najlepiej w 2020 roku

Kliknij tutaj aby rozwiązać quiz!

Ogólne statystyki

  • Ten quiz został rozwiązany 18 518 razy
  • Średni wynik to 6 z 10

Statystyki odpowiedzi

wartość sprzedanych napojównapój% Poprawnych
$37,93 milionówCoca-Cola
99%
$18,922 milionówPepsi
97%
$2,694 milionówFanta
90%
$5,443 milionówSprite
84%
$4,548 milionówMonster
64%
$7,073 milionówRed-Bull
54%
$3,500 milionówLipton
53%
$2,819 milionówMountain Dew
21%
$4,408 milionówGatorade
6%
$6,185 milionówNescafe
6%

Rozkład punktacji

Percentyl według liczby udzielonych odpowiedzi

Procent ludzi z każdym wynikiem

Twoja historia wyników

Nie rozwiązałeś tego quizu